| 000 | nam a22 7a 4500 | ||
|---|---|---|---|
| 999 |
_c29683 _d29683 |
||
| 008 | 180523b xxu||||| |||| 00| 0 eng d | ||
| 020 | _a9780176652937 | ||
| 050 | _aLB 2343.3 .E4S 2006 | ||
| 100 | _aEllis Dave B | ||
| 245 |
_aMaster student / _cDave Ellis, Debra Dawson |
||
| 250 | _a5th. ed. | ||
| 260 |
_aCollage student orientation, _c2012. |
||
| 300 |
_axv, 436p . : _c27cm. |
||
| 504 | _aInclude biographical references and index | ||
| 650 | _astudy skills | ||
| 650 | _acollege student | ||
| 650 | _aorientation | ||
| 700 | _aDawson ,Debra | ||
| 942 |
_2lcc _cBOOKS _hLB 2343 . E44 2012 |
||